Shared Name with a TV Character Quiz Stats

Quiz Updated May 16, 2016

Challenge
Share
Tweet
Score 0/25 Timer 07:00
0 Plays Today
% Correct
Betty White -- Betty Rubble (The Flintstones)
95.1%
Rachel McAdams -- Rachel Green (Friends)
91.7%
Jack Nicholson -- Jack Bauer (24)
91.6%
Leonard Nimoy -- Leonard Hofstadter (The Big Bang Theory)
86.8%
Jon Stewart -- Jon Snow (Game of Thrones)
84.4%
Lisa Kudrow -- Lisa Cuddy (House, M.D.)
83.6%
Charlie Day -- Charlie Harper (Two and a Half Men)
83.3%
Leslie Nielsen -- Leslie Knope (Parks and Recreation)
80.8%
Grace Kelly -- Grace Adler (Will & Grace)
78.4%
Al Pacino -- Al Bundy (Married ... with Children)
77.3%
Carrie Fisher -- Carrie Bradshaw (Sex and the City)
76.2%
George Carlin -- George Costanza (Seinfeld)
75.1%
Frank Sinatra -- Frank Barone (Everybody Loves Raymond)
74.9%
% Correct
Kelly Clarkson -- Kelly Kapowski (Saved by the Bell)
74.1%
James Spader -- James T. Kirk (Star Trek)
73.1%
Molly Shannon -- Molly Flynn (Mike & Molly)
70.3%
Maggie Gyllenhaal -- Maggie Greene (The Walking Dead)
64.7%
Quentin Tarantino -- Quentin Lance (Arrow)
62.9%
Olivia Wilde -- Olivia Pope (Scandal)
60.2%
Ray Liotta -- Ray Donovan (Ray Donovan)
55.7%
Claire Danes -- Claire Underwood (House of Cards)
53.2%
David Caruso -- David Brent (The Office (UK))
48.4%
Nick Offerman -- Nick Stokes (CSI: Crime Scene Investigation)
43.2%
Kate McKinnon -- Kate Austen (Lost)
41.5%
Lana Turner -- Lana Kane (Archer)
28.5%

You're not logged in!

Compare scores with friends on all Sporcle quizzes.
Sign Up with Email
OR
Log In

You Might Also Like...

Show Comments

Extras

Top Quizzes Today


Score Distribution

Your Account Isn't Verified!

In order to create a playlist on Sporcle, you need to verify the email address you used during registration. Go to your Sporcle Settings to finish the process.